| 000 | 00400nam a2200157Ia 4500 | ||
|---|---|---|---|
| 008 | 230711s9999||||xx |||||||||||||| ||und|| | ||
| 041 | _aENG | ||
| 082 |
_a624.176 _bJA-D |
||
| 100 | _aJain,Ashok Kumar | ||
| 245 | 0 | _aDetailing of earthquake resistant construction | |
| 250 | _a1st Ed. | ||
| 260 |
_c2017 _aNew Delhi _bNem Chand & Bros |
||
| 300 | _a19p. | ||
| 650 | _aCivil Engineering | ||
| 942 | _cBK | ||
| 999 |
_c6129 _d6129 |
||